000
00264nam a2200109Ia 4500
008
240625s9999 xx 000 0 und d
041
_a
eng
082
_a
332.63 ALE
100
_a
ALEXANDER CAROL
245
_a
MARKET MODELS A GUIDE TO FINANCIAL DATA
260
_c
2010
999
_c
34639
_d
34639